Statistiken für beliebte Corona Begriffe 2021

Klicken Sie hier um das Quiz zu spielen!

Allgemein

  • Dieses Quiz wurde 115 mal gespielt
  • Das Durchschnittsergebnis liegt bei 5 aus 41

Antwortstatistiken

Antwort% Korrekt
Corona
63%
Maskenpflicht
56%
Lockdown
44%
Covid 19
32%
Abstand
30%
Quarantäne
28%
Homeoffice
21%
Inzidenz
19%
Biontech
18%
FFp2 Maske
15%
Wuhan
15%
Moderna
12%
Astrazeneca
11%
Impfstoff
11%
Robert Koch Institut
9%
PCR Test
8%
Schnelltest
8%
2G
7%
3G
7%
Delta
6%
Johnson&Johnson
6%
Impfgegner
5%
Toilettenpapier
5%
1G
4%
Nudeln
4%
Omikron
4%
Sputnik
4%
Sars-coV-2
2%
Antikörper
1%
Booster Impfung
1%
Corona Warnapp
1%
Risikogebiet
1%
Videokonferenz
1%
Bundesgesundheitsministerium
0%
Corona Hotspot
0%
Disinfektionsmittel
0%
genesen
0%
Hochrisikogebiet
0%
Impfquote
0%
Mutation
0%
Zoom Treffen
0%

Verteilung der Resultate

Perzentil nach korrekt beantworteten Fragen

Anzahl Personen mit jedem Resultat

Ihre Resultats-Entwicklung

Sie haben dieses Quiz noch nicht gespielt